000 00248nam a2200097Ia 4500
001 652749
005 20250826154444.0
008 250824s9999 xx 000 0 und d
245 0 _aRUBY ROGERS ANLAT BANA
_cSUE LİMB
260 _bALTIN KİTAP YAYINLARI
999 _c652749
_d652749